[Event "4NCL/Div4b/MIN2 vs. PONTY"]
[Site "Telford ENG"]
[Date "2004.11.07"]
[Round "2.5"]
[White "Twitchell, Neville H"]
[Black "Lobo, Richard"]
[Result "1-0"]
[WhiteElo "1997"]
[BlackElo "1914"]
[PlyCount "119"]
[EventDate "2004.11.07"]
[SourceDate "2004.09.21"]

1. e4 c5 2. Nc3 Nc6 3. g3 d6 4. Bg2 Nf6 5. d3 Rb8 6. a4 Bd7 7. Be3 e6 8. Nge2
a6 9. O-O Be7 10. h3 O-O 11. f4 Ne8 12. Qd2 Nc7 13. Kh2 Be8 14. d4 cxd4 15.
Nxd4 Nxd4 16. Bxd4 Bc6 17. Bb6 Qd7 18. Rfd1 Na8 19. Bf2 b5 20. axb5 axb5 21.
Ra7 Rb7 22. Rda1 Nc7 23. Nd5 Rxa7 24. Nxe7+ Qxe7 25. Rxa7 Ra8 26. Qa5 Rxa7 27.
Qxa7 Qd7 28. Bb6 Na8 29. Qb8+ Qe8 30. Qxe8+ Bxe8 31. Ba5 Bc6 32. Kg1 Kf8 33.
Bb4 Ke7 34. e5 Bxg2 35. Bxd6+ Kd7 36. Kxg2 Kc6 37. Kf3 Kd5 38. Ke3 Nb6 39. b3
Nc8 40. Ba3 Nb6 41. Kd3 g6 42. Bb4 h5 43. h4 Nd7 44. c4+ bxc4+ 45. bxc4+ Kc6
46. Kd4 Nb6 47. Kc3 Na4+ 48. Kb3 Nb6 49. Be7 Nc8 50. Bf8 Nb6 51. Kb4 Nd7 52.
Be7 Nb6 53. Bd8 Nd7 54. Be7 Nb6 55. Bd6 Nd7 56. c5 f6 57. Kc4 fxe5 58. fxe5 Kb7
59. Kb5 Kc8 60. c6 1-0

[Event "4NCL/Div4b/MIN2 vs. PONTY"]
[Site "Telford ENG"]
[Date "2004.11.07"]
[Round "2.6"]
[White "Davies, Peter L"]
[Black "Eisen, David"]
[Result "0-1"]
[WhiteElo "1989"]
[BlackElo "2020"]
[PlyCount "88"]
[EventDate "2004.11.07"]
[SourceDate "2004.09.21"]

1. c4 c6 2. e4 d5 3. cxd5 cxd5 4. exd5 Nf6 5. Nc3 g6 6. d4 Bg7 7. Nf3 O-O 8.
Qb3 Nbd7 9. d6 exd6 10. Be2 Nb6 11. Bf4 a6 12. Qb4 d5 13. Qc5 Nbd7 14. Qc7 Qxc7
15. Bxc7 Re8 16. O-O b5 17. Rfe1 Bb7 18. Ne5 Rac8 19. Ba5 Nxe5 20. dxe5 Rxe5
21. Bd3 Rce8 22. Rxe5 Rxe5 23. Rc1 Bh6 24. Rd1 Bf8 25. Bb6 Re8 26. h3 Bg7 27.
Ne2 Nd7 28. Bd4 Ne5 29. Kf1 Nxd3 30. Rxd3 Bxd4 31. Rxd4 Kg7 32. a3 Kf6 33. Rf4+
Kg7 34. Rd4 Re4 35. Rd2 b4 36. axb4 Rxb4 37. Nc3 Kf8 38. Ke2 Ke7 39. Ke3 Ke6
40. Ne2 Kd6 41. Nd4 a5 42. g3 Bc8 43. h4 h5 44. Ne2 Re4+ 0-1

[Event "4NCL/Div4b/GREN vs. WWKS2"]
[Site "Telford ENG"]
[Date "2004.11.07"]
[Round "2.1"]
[White "Pugh, Derek C"]
[Black "Lloyd, Alan D"]
[Result "0-1"]
[WhiteElo "2180"]
[BlackElo "2140"]
[PlyCount "62"]
[EventDate "2004.11.07"]
[SourceDate "2004.09.21"]

1. e4 c5 2. Nc3 Nc6 3. g3 g6 4. Bg2 Bg7 5. d3 e6 6. Be3 d6 7. Qd2 Rb8 8. Nf3
Nf6 9. Bh6 O-O 10. Bxg7 Kxg7 11. O-O b5 12. Nh4 b4 13. Nd1 d5 14. exd5 Nxd5 15.
Ne3 f5 16. Nxd5 exd5 17. f4 Qd6 18. Nf3 Re8 19. Rfe1 Bd7 20. d4 cxd4 21. Rad1
Qc5 22. Rxe8 Rxe8 23. Nxd4 Kf7 24. Qf2 Rd8 25. Nf3 d4 26. Rd2 Bc8 27. Ng5+ Kg8
28. Qf3 d3+ 29. Qf2 Nd4 30. Nf3 dxc2 31. Rxc2 Qxc2 0-1

[Event "4NCL/Div4b/GREN vs. WWKS2"]
[Site "Telford ENG"]
[Date "2004.11.07"]
[Round "2.2"]
[White "Hunt, Malcolm A"]
[Black "Osborne, David"]
[Result "1/2-1/2"]
[WhiteElo "2153"]
[BlackElo "2095"]
[PlyCount "45"]
[EventDate "2004.11.07"]
[SourceDate "2004.09.21"]

1. d4 c5 2. c3 e6 3. Nf3 Nf6 4. a3 b6 5. Bg5 Be7 6. e3 O-O 7. Nbd2 cxd4 8. cxd4
Nd5 9. Bxe7 Qxe7 10. Bc4 Bb7 11. O-O f5 12. Qe2 d6 13. Rac1 Nd7 14. Ba6 N7f6
15. Rc2 Rfc8 16. Rfc1 Rxc2 17. Rxc2 h6 18. Bxb7 Qxb7 19. Qc4 b5 20. Qc6 Qxc6
21. Rxc6 Rd8 22. Kf1 Kf7 23. Ke2 1/2-1/2

[Event "4NCL/Div4b/GREN vs. WWKS2"]
[Site "Telford ENG"]
[Date "2004.11.07"]
[Round "2.3"]
[White "Egginton, David C"]
[Black "Lam, Paul G M"]
[Result "1/2-1/2"]
[WhiteElo "2070"]
[BlackElo "2016"]
[PlyCount "113"]
[EventDate "2004.11.07"]
[SourceDate "2004.09.21"]

1. c4 e5 2. g3 Nc6 3. Bg2 f5 4. Nc3 Nf6 5. e3 Be7 6. Nge2 O-O 7. O-O d6 8. b3
Qe8 9. Nd5 Nxd5 10. cxd5 Nb8 11. Bb2 Nd7 12. Rc1 Bd8 13. Nc3 Nf6 14. f4 e4 15.
d3 Qg6 16. Re1 Bd7 17. Bh3 Qh6 18. Kg2 Re8 19. dxe4 Nxe4 20. Nxe4 Rxe4 21. Rc4
Rxc4 22. bxc4 g5 23. fxg5 Bxg5 24. e4 Rf8 25. Rf1 Bf6 26. Bc1 Bg5 27. Bxg5 Qxg5
28. Qf3 Qd2+ 29. Rf2 Qd4 30. exf5 Qxc4 31. f6 Bxh3+ 32. Kxh3 Qd4 33. Qf5 Kh8
34. Rf4 Qe5 35. Qe6 Qh5+ 36. Kg2 Qf7 37. g4 h6 38. h4 c6 39. Qxf7 Rxf7 40. g5
hxg5 41. hxg5 Kh7 42. dxc6 bxc6 43. Kg3 Kg6 44. Kg4 Rb7 45. Rd4 Rb5 46. Rxd6
Rxg5+ 47. Kf4 Rf5+ 48. Ke4 Rxf6 49. Ke5 Rxd6 50. Kxd6 Kf6 51. Kxc6 Ke6 52. a4
a5 53. Kb6 Kd6 54. Kxa5 Kc6 55. Ka6 Kc7 56. Ka7 Kc8 57. a5 1/2-1/2

[Event "4NCL/Div4b/GREN vs. WWKS2"]
[Site "Telford ENG"]
[Date "2004.11.07"]
[Round "2.4"]
[White "Cooper, David M"]
[Black "Hardy, Roger"]
[Result "1/2-1/2"]
[WhiteElo "2095"]
[BlackElo "2030"]
[PlyCount "37"]
[EventDate "2004.11.07"]
[SourceDate "2004.09.21"]

1. e4 c6 2. d4 d5 3. e5 Bf5 4. c3 e6 5. Be3 Nd7 6. Qb3 Qb6 7. Nd2 Qxb3 8. axb3
f6 9. f4 Ne7 10. Ngf3 c5 11. Bb5 Nc6 12. exf6 gxf6 13. O-O Bd6 14. dxc5 Bxc5
15. Bxc5 Nxc5 16. Nd4 Bd3 17. Rfe1 Bxb5 18. Nxb5 Kd7 19. Re3 1/2-1/2

[Event "4NCL/Div4b/GREN vs. WWKS2"]
[Site "Telford ENG"]
[Date "2004.11.07"]
[Round "2.5"]
[White "Hibbitt, Arthur M"]
[Black "Emanuel, John"]
[Result "0-1"]
[WhiteElo "1975"]
[BlackElo "2040"]
[PlyCount "54"]
[EventDate "2004.11.07"]
[SourceDate "2004.09.21"]

1. d4 Nf6 2. c4 e6 3. Nf3 Bb4+ 4. Bd2 Qe7 5. a3 Bxd2+ 6. Nbxd2 d6 7. e3 O-O 8.
Bd3 e5 9. O-O e4 10. Nxe4 Nxe4 11. Qc2 Nf6 12. e4 Nc6 13. Rfe1 Bg4 14. e5 Bxf3
15. exf6 Qxf6 16. gxf3 Nxd4 17. Bxh7+ Kh8 18. Qd3 Nxf3+ 19. Kh1 Nxe1 20. Rxe1
g6 21. Qh3 Kg7 22. Re3 Rh8 23. Rf3 Qe6 24. Qg3 Rxh7 25. Re3 Qxc4 26. Kg2 Qd5+
27. Rf3 Rah8 0-1

[Event "4NCL/Div4b/GREN vs. HAL"]
[Site "Telford ENG"]
[Date "2005.01.15"]
[Round "3.1"]
[White "Pugh, Derek C"]
[Black "Roberts, Colin J"]
[Result "1-0"]
[WhiteElo "2180"]
[BlackElo "2055"]
[PlyCount "27"]
[EventDate "2005.01.15"]
[SourceDate "2004.09.21"]

1. e4 e6 2. d4 d5 3. Nc3 Nf6 4. Bg5 Bb4 5. Nge2 c5 6. a3 cxd4 7. axb4 dxc3 8.
Nxc3 d4 9. Nb5 e5 10. Bc4 a6 11. Bxf6 gxf6 12. Qh5 Qe7 13. Bxf7+ Qxf7 14. Nd6+
1-0

[Event "4NCL/Div4b/GREN vs. HAL"]
[Site "Telford ENG"]
[Date "2005.01.15"]
[Round "3.2"]
[White "Ambrose, Andy"]
[Black "Osborne, David"]
[Result "0-1"]
[WhiteElo "1930"]
[BlackElo "2095"]
[PlyCount "122"]
[EventDate "2005.01.15"]
[SourceDate "2004.09.21"]

1. e4 c5 2. Nf3 e6 3. d4 cxd4 4. Nxd4 a6 5. c4 Nf6 6. Nc3 Qc7 7. Bd3 d6 8. O-O
Nbd7 9. b3 b5 10. Be3 Bb7 11. Qc2 Rc8 12. Nde2 bxc4 13. Bxc4 d5 14. exd5 exd5
15. Bf4 Bd6 16. Bxd6 Qxd6 17. Qd3 Ne5 18. Qd1 Nxc4 19. bxc4 Rxc4 20. Rb1 Bc6
21. Ng3 O-O 22. Nce2 Qc5 23. Nf5 Ne4 24. Ned4 Ba4 25. Qg4 g6 26. Nh6+ Kh8 27.
Nxf7+ Rxf7 28. Rb8+ Rf8 29. Ne6 Rxb8 30. Nxc5 Nxc5 31. Qg5 Nd7 32. Qxd5 Rbc8
33. h3 Bb5 34. Re1 Rc1 35. Qd4+ Kg8 36. Qd5+ Kg7 37. Qd4+ Nf6 38. Qb4 Rxe1+ 39.
Qxe1 Rc7 40. Qe5 Rd7 41. g4 h6 42. f4 Kf7 43. g5 hxg5 44. fxg5 Rd1+ 45. Kf2 Nd5
46. Qh8 Ke6 47. Qc8+ Ke5 48. Qc2 Rf1+ 49. Kg3 Rf5 50. h4 Nf4 51. Qc3+ Kd5 52.
Qf3+ Kd4 53. Qf2+ Kd3 54. Qf3+ Kd2 55. Qa8 Bd3 56. Qd8 Nh5+ 57. Kg2 Rf4 58.
Qa5+ Ke2 59. Qc5 Be4+ 60. Kh3 Rf3+ 61. Kh2 Rf2+ 0-1

[Event "4NCL/Div4b/GREN vs. HAL"]
[Site "Telford ENG"]
[Date "2005.01.15"]
[Round "3.3"]
[White "Bass, John"]
[Black "Trevis, Phil"]
[Result "1/2-1/2"]
[WhiteElo "2102"]
[BlackElo "1840"]
[PlyCount "63"]
[EventDate "2005.01.15"]
[SourceDate "2004.09.21"]

1. d4 Nf6 2. Nf3 g6 3. c4 Bg7 4. Nc3 O-O 5. Bg5 d6 6. e3 Nbd7 7. Be2 b6 8. O-O
Bb7 9. Qc2 Qe8 10. Rab1 a6 11. b4 Rc8 12. Rfc1 Ba8 13. Qb3 Ne4 14. Nxe4 Bxe4
15. Bd3 Bxf3 16. gxf3 e5 17. dxe5 Nxe5 18. Be2 Qc6 19. e4 Qd7 20. Bf1 Nc6 21.
Be3 Qe7 22. c5 Nd4 23. Qd1 dxc5 24. bxc5 bxc5 25. Bxa6 Rcd8 26. Bxd4 Bxd4 27.
Qf1 Qh4 28. Qg2 Ra8 29. Bc4 Rab8 30. Qg3 Qe7 31. Bd5 Be5 32. f4 1/2-1/2

[Event "4NCL/Div4b/GREN vs. HAL"]
[Site "Telford ENG"]
[Date "2005.01.15"]
[Round "3.4"]
[White "Curry, Don"]
[Black "Egginton, David C"]
[Result "0-1"]
[WhiteElo "1800"]
[BlackElo "2070"]
[PlyCount "46"]
[EventDate "2005.01.15"]
[SourceDate "2004.09.21"]

1. e4 c6 2. d4 d5 3. exd5 cxd5 4. c4 Nf6 5. Nc3 e6 6. Nf3 Bb4 7. Bg5 h6 8. Bh4
Qa5 9. Qc2 Ne4 10. Rc1 Qxa2 11. Bd3 Bxc3+ 12. bxc3 Qxc2 13. Rxc2 f5 14. c5 g5
15. Bg3 f4 16. Bxf4 gxf4 17. Ne5 O-O 18. f3 Nf6 19. Ng6 Re8 20. Nxf4 e5 21. Ne2
Nc6 22. O-O exd4 23. cxd4 Nb4 0-1

[Event "4NCL/Div4b/GREN vs. HAL"]
[Site "Telford ENG"]
[Date "2005.01.15"]
[Round "3.5"]
[White "Hibbitt, Arthur M"]
[Black "Hendrickson, Jason"]
[Result "1-0"]
[WhiteElo "1975"]
[BlackElo "1705"]
[PlyCount "39"]
[EventDate "2005.01.15"]
[SourceDate "2004.09.21"]

1. d4 Nf6 2. Nf3 e6 3. Bg5 Be7 4. c4 d6 5. Nc3 Nbd7 6. e4 e5 7. Be2 O-O 8. O-O
b6 9. Qc2 h6 10. Bh4 Bb7 11. Rad1 exd4 12. Nxd4 c5 13. Nf5 Ne5 14. Bxf6 Bxf6
15. Rxd6 Qe8 16. Nxh6+ Kh7 17. Nf5 Be7 18. Nxe7 Qxe7 19. Rfd1 Rh8 20. f4 1-0

[Event "4NCL/Div4b/WWKS2 vs. MIN2"]
[Site "Telford ENG"]
[Date "2005.01.15"]
[Round "3.1"]
[White "McCumiskey, Andrew"]
[Black "Hardman, Michael J"]
[Result "1/2-1/2"]
[WhiteElo "2100"]
[BlackElo "2100"]
[PlyCount "66"]
[EventDate "2005.01.15"]
[SourceDate "2004.09.21"]

1. d4 d5 2. Nf3 Nf6 3. Nc3 Bf5 4. Bf4 c6 5. e3 e6 6. Be2 Be7 7. Ne5 Nfd7 8. g4
Bg6 9. Nf3 Nf6 10. Ne5 Nfd7 11. Nd3 Na6 12. Qd2 h5 13. O-O-O hxg4 14. Bxg4 Nf6
15. Bf3 Nb4 16. Kb1 Nxd3 17. cxd3 Bd6 18. e4 Bxf4 19. Qxf4 Qd7 20. Na4 O-O-O
21. h4 Qc7 22. e5 Bh5 23. Rdg1 Bxf3 24. Qxf3 Nh5 25. Nc5 Qe7 26. Qg4 b6 27. Nb3
g6 28. Nd2 Ng7 29. Nf3 Rh5 30. Rg2 Nf5 31. Ng5 Rdh8 32. Rgh2 Kb7 33. a3 Nh6
1/2-1/2

[Event "4NCL/Div4b/WWKS2 vs. MIN2"]
[Site "Telford ENG"]
[Date "2005.01.15"]
[Round "3.2"]
[White "Parker, Robert"]
[Black "Cooper, David M"]
[Result "1/2-1/2"]
[WhiteElo "2088"]
[BlackElo "2095"]
[PlyCount "45"]
[EventDate "2005.01.15"]
[SourceDate "2004.09.21"]

1. d4 d5 2. c4 Nc6 3. Nf3 Bg4 4. e3 e5 5. dxe5 dxc4 6. Qxd8+ Rxd8 7. Bxc4 Nxe5
8. Be2 Nd3+ 9. Bxd3 Rxd3 10. Nbd2 Rd8 11. O-O g6 12. Nd4 Bg7 13. N2b3 c6 14.
Bd2 Ne7 15. h3 Bc8 16. Rac1 O-O 17. Bb4 Rfe8 18. Bc5 a6 19. Na5 Nd5 20. Nc4 Bf8
21. Bxf8 Kxf8 22. Na5 Ne7 23. a3 1/2-1/2

[Event "4NCL/Div4b/WWKS2 vs. MIN2"]
[Site "Telford ENG"]
[Date "2005.01.15"]
[Round "3.3"]
[White "Gordon, Callum"]
[Black "Gillibrand, John"]
[Result "0-1"]
[WhiteElo "2045"]
[BlackElo "2049"]
[PlyCount "86"]
[EventDate "2005.01.15"]
[SourceDate "2004.09.21"]

1. e4 c5 2. d4 cxd4 3. c3 Nf6 4. e5 Nd5 5. cxd4 d6 6. Nf3 e6 7. Bg5 Qc7 8. Nbd2
Nc6 9. Rc1 Bd7 10. a3 Rc8 11. Nc4 a6 12. b4 b5 13. Na5 Qb8 14. Nxc6 Bxc6 15.
Bd3 h6 16. Bh4 Nf4 17. O-O Nxd3 18. Qxd3 Bd5 19. Nd2 dxe5 20. dxe5 g5 21. Bg3
Be7 22. Ne4 Bc4 23. Qc3 O-O 24. Rfe1 Bd5 25. Qd3 Qa8 26. f3 Bxe4 27. fxe4 a5
28. Qe2 axb4 29. axb4 Bxb4 30. Ra1 Qb7 31. Reb1 Rc4 32. Bf2 Qxe4 33. Qh5 Bc3
34. Qxh6 Bxa1 35. Qxg5+ Qg6 36. Qxg6+ fxg6 37. Rxa1 b4 38. Be3 b3 39. Rb1 Rb8
40. Kf2 b2 41. Ke2 Rc2+ 42. Bd2 Rd8 43. Rd1 Rdxd2+ 0-1

[Event "4NCL/Div4b/WWKS2 vs. MIN2"]
[Site "Telford ENG"]
[Date "2005.01.15"]
[Round "3.4"]
[White "Ackley, Peter"]
[Black "Emanuel, John"]
[Result "1/2-1/2"]
[WhiteElo "2050"]
[BlackElo "2040"]
[PlyCount "78"]
[EventDate "2005.01.15"]
[SourceDate "2004.09.21"]

1. Nc3 e6 2. d4 d5 3. e4 Bb4 4. e5 c5 5. a3 Bxc3+ 6. bxc3 Qc7 7. Nf3 Ne7 8. Bd3
Nbc6 9. O-O c4 10. Be2 Bd7 11. a4 O-O 12. Ba3 Rfe8 13. Qd2 b6 14. Qg5 Ng6 15.
Nh4 Nce7 16. Nxg6 Nxg6 17. Bd6 Qd8 18. Qxd8 Rexd8 19. g3 Re8 20. a5 b5 21. f4
Ne7 22. g4 g6 23. Kf2 Nc8 24. Bc5 a6 25. h4 Ne7 26. Rh1 Kg7 27. h5 h6 28. Kg3
Nc6 29. Kh4 Rh8 30. Rhg1 Kh7 31. Bf3 Rag8 32. g5 Kg7 33. gxh6+ Rxh6 34. Rg5 Kh8
35. Rh1 gxh5 36. Bxh5 Rxg5 37. Kxg5 Rh7 38. Bb4 Rg7+ 39. Kf6 Kg8 1/2-1/2

[Event "4NCL/Div4b/WWKS2 vs. MIN2"]
[Site "Telford ENG"]
[Date "2005.01.15"]
[Round "3.5"]
[White "Fallowfield, Nicholas"]
[Black "Twitchell, Neville H"]
[Result "0-1"]
[WhiteElo "2045"]
[BlackElo "2023"]
[PlyCount "146"]
[EventDate "2005.01.15"]
[SourceDate "2004.09.21"]

1. e4 c5 2. Nf3 d6 3. d4 cxd4 4. Nxd4 Nf6 5. Nc3 a6 6. Bc4 e6 7. a3 b5 8. Ba2
Be7 9. O-O O-O 10. Be3 Qc7 11. f4 Bd7 12. f5 e5 13. Nde2 Bc6 14. Ng3 Nbd7 15.
Nh5 Rad8 16. Rf2 Qb7 17. Nd5 Bxd5 18. Bxd5 Nxd5 19. Qg4 Bf6 20. exd5 Kh8 21.
Rd1 Rc8 22. b3 Rfe8 23. Bg5 Rg8 24. h4 Qb6 25. Qe4 Rc3 26. Bd2 Nc5 27. Qg4 Rxc2
28. Be3 Rxf2 29. Kxf2 Qc7 30. b4 Nd7 31. Rc1 Qd8 32. Bg5 Bxg5 33. hxg5 f6 34.
g6 h6 35. Rc6 Nb6 36. Qe4 Nc4 37. Rxa6 Qd7 38. Rc6 Ra8 39. Kg3 Rxa3+ 40. Kh2
Ra8 41. Ng3 Qa7 42. Ne2 Qa3 43. Qb1 Qe3 44. Qa2 Rg8 45. Qc2 Qf2 46. Qe4 Ra8 47.
Nc3 Ne3 48. Kh3 Nxf5 49. Qg4 Qe3+ 50. Kh2 Qd3 51. Rc7 Re8 52. Ne4 Qf1 53. Nxf6
gxf6 54. g7+ Kg8 55. Qg6 Qf4+ 56. Kg1 Qe3+ 57. Kh1 Qe1+ 58. Kh2 Qh4+ 59. Kg1
Qe1+ 60. Kh2 Qg3+ 61. Qxg3 Nxg3 62. Kxg3 e4 63. Kf2 Re5 64. Ke3 f5 65. g4 fxg4
66. Rd7 Rxd5 67. Kxe4 Rg5 68. Rxd6 Kxg7 69. Rd7+ Kg6 70. Rd6+ Kh5 71. Rc6 g3
72. Rc1 g2 73. Rg1 Kh4 0-1

[Event "4NCL/Div4b/WWKS2 vs. MIN2"]
[Site "Telford ENG"]
[Date "2005.01.15"]
[Round "3.6"]
[White "Hawkins, J Nick"]
[Black "Dodd, Matthew E"]
[Result "1-0"]
[WhiteElo "2039"]
[BlackElo "1690"]
[PlyCount "41"]
[EventDate "2005.01.15"]
[SourceDate "2004.09.21"]

1. e4 e6 2. d4 d5 3. Nc3 c5 4. exd5 exd5 5. Bb5+ Nc6 6. Qe2+ Be6 7. Nf3 a6 8.
Bxc6+ bxc6 9. Ng5 Qf6 10. Nxe6 fxe6 11. dxc5 Bxc5 12. O-O Nh6 13. Be3 Bd6 14.
Rad1 Bxh2+ 15. Kxh2 Qh4+ 16. Kg1 Ng4 17. Bf4 Kd7 18. Na4 Raf8 19. Nc5+ Ke7 20.
Qxe6+ Kd8 21. Qd7# 1-0

[Event "4NCL/Div4b/PONTY vs. SLOS3"]
[Site "Telford ENG"]
[Date "2005.01.15"]
[Round "3.1"]
[White "Robinson, David"]
[Black "Mulligan, Stephen"]
[Result "1/2-1/2"]
[WhiteElo "2036"]
[BlackElo "2157"]
[PlyCount "130"]
[EventDate "2005.01.15"]
[SourceDate "2004.09.21"]

1. e4 e5 2. Nf3 d6 3. d4 Nd7 4. Bc4 c6 5. O-O Be7 6. dxe5 dxe5 7. Ng5 Bxg5 8.
Qh5 Qe7 9. Qxg5 Qxg5 10. Bxg5 Ngf6 11. f3 h6 12. Be3 O-O 13. Nd2 Re8 14. Rfd1
b5 15. Be2 Nb6 16. c4 Ba6 17. cxb5 Bxb5 18. Bxb5 cxb5 19. Bxb6 axb6 20. Nf1
Red8 21. Rxd8+ Rxd8 22. Kf2 Kf8 23. Ke2 Ke7 24. Ne3 g6 25. Rc1 Kd6 26. Nd1 Ra8
27. a3 Ne8 28. Nc3 Nc7 29. Na2 Na6 30. Rd1+ Kc6 31. Rc1+ Kd6 32. Nc3 Nc7 33.
Rd1+ Kc6 34. Nd5 Ne6 35. Nb4+ Kc7 36. Nd5+ Kb7 37. Rc1 Rd8 38. Ke3 h5 39. g3
Re8 40. Nf6 Rd8 41. Nd5 Re8 42. f4 Nc5 43. f5 gxf5 44. exf5 Rd8 45. Rd1 h4 46.
Nc3 Rxd1 47. Nxd1 hxg3 48. hxg3 Kc6 49. Nc3 f6 50. b4 Nd7 51. Ke4 Nf8 52. Nd5
Nh7 53. Nc3 Ng5+ 54. Ke3 Nh7 55. Kf3 Ng5+ 56. Kg4 Kd6 57. Nxb5+ Kd5 58. Nc7+
Kc4 59. Ne8 Nh7 60. Kf3 Kb3 61. Ke4 Kxa3 62. b5 Kb4 63. Nc7 Kc5 64. g4 Kd6 65.
Na8 Kc5 1/2-1/2

[Event "4NCL/Div4b/PONTY vs. SLOS3"]
[Site "Telford ENG"]
[Date "2005.01.15"]
[Round "3.2"]
[White "Nelson, Omowale"]
[Black "Jones, Derek C"]
[Result "0-1"]
[WhiteElo "2094"]
[BlackElo "1961"]
[PlyCount "92"]
[EventDate "2005.01.15"]
[SourceDate "2004.09.21"]

1. d4 Nf6 2. c4 c5 3. d5 b5 4. cxb5 a6 5. bxa6 Bxa6 6. Nc3 d6 7. g3 g6 8. Nf3
Bg7 9. Bg2 O-O 10. O-O Nbd7 11. Qc2 Nb6 12. Rd1 Ne8 13. Rb1 Nc7 14. e4 Qd7 15.
b3 Nb5 16. Nxb5 Bxb5 17. a4 Nxa4 18. bxa4 Bxa4 19. Qe2 Bxd1 20. Qxd1 Qa4 21.
Qe2 Rfb8 22. Rxb8+ Rxb8 23. Be3 c4 24. Ne1 c3 25. Bf1 Rb1 26. f3 Bd4 27. Bxd4
Qxd4+ 28. Qf2 Qd2 29. Nc2 Rb2 30. Qxd2 cxd2 31. Ne3 Rb1 32. Kf2 d1=Q 33. Nxd1
Rxd1 34. Be2 Ra1 35. h4 h6 36. Ke3 Kg7 37. f4 Kf6 38. Bd3 g5 39. hxg5+ hxg5 40.
Be2 Ra3+ 41. Bd3 Kg6 42. Kd4 Kh5 43. Be2+ g4 44. Bd3 Ra2 45. e5 Rg2 46. f5 f6
0-1

[Event "4NCL/Div4b/PONTY vs. SLOS3"]
[Site "Telford ENG"]
[Date "2005.01.15"]
[Round "3.3"]
[White "Gwynne, David"]
[Black "Lutton, J Ezra"]
[Result "0-1"]
[WhiteElo "2005"]
[BlackElo "2133"]
[PlyCount "70"]
[EventDate "2005.01.15"]
[SourceDate "2004.09.21"]

1. c4 e5 2. Nc3 Nc6 3. Nf3 f5 4. d4 e4 5. Ne5 Bb4 6. Bf4 Nf6 7. e3 O-O 8. Qb3
Bxc3+ 9. Qxc3 d6 10. Nxc6 bxc6 11. Be2 Kh8 12. h3 Qe7 13. Qa5 Qf7 14. b3 Be6
15. O-O-O Rfc8 16. Qa6 Rcb8 17. Qxc6 a5 18. Qa4 Nd7 19. Qc6 Nb6 20. d5 Bc8 21.
Bxd6 cxd6 22. Qxd6 Ba6 23. Rd2 a4 24. Rhd1 Qb7 25. Qc6 Qe7 26. d6 Qe5 27. Rd4
axb3 28. axb3 Qa5 29. Kc2 Qa2+ 30. Kc3 Nd5+ 31. Rxd5 Qxb3+ 32. Kd4 Qb2+ 33. Kc5
Bxc4 34. d7 Ra5+ 35. Kd6 Qf6+ 0-1

[Event "4NCL/Div4b/PONTY vs. SLOS3"]
[Site "Telford ENG"]
[Date "2005.01.15"]
[Round "3.4"]
[White "Purton, Ben J"]
[Black "James, Dai"]
[Result "1-0"]
[WhiteElo "2085"]
[BlackElo "2003"]
[PlyCount "63"]
[EventDate "2005.01.15"]
[SourceDate "2004.09.21"]

1. e4 e6 2. d4 d5 3. Nd2 Nf6 4. e5 Nfd7 5. f4 c5 6. c3 cxd4 7. cxd4 Nc6 8. Ndf3
Qb6 9. a3 f6 10. Bd3 Be7 11. Ne2 a5 12. b3 O-O 13. Qc2 f5 14. Rg1 Kh8 15. g4 g6
16. h4 Rf7 17. h5 Nf8 18. hxg6 Nxg6 19. gxf5 exf5 20. Bb2 Be6 21. Rb1 Rc8 22.
Qd2 Qxb3 23. Bc1 Nxd4 24. Nfxd4 Rxc1+ 25. Nxc1 Qxa3 26. Nxe6 Bb4 27. Rxb4 axb4
28. Qc2 Ne7 29. Kd2 Qa7 30. Qc5 Qa4 31. Bc2 Qa3 32. Nb3 1-0

[Event "4NCL/Div4b/PONTY vs. SLOS3"]
[Site "Telford ENG"]
[Date "2005.01.15"]
[Round "3.5"]
[White "Lobo, Richard"]
[Black "McCarthy, Kevin"]
[Result "1-0"]
[WhiteElo "1914"]
[BlackElo "2065"]
[PlyCount "69"]
[EventDate "2005.01.15"]
[SourceDate "2004.09.21"]

1. e4 e6 2. d4 d5 3. e5 c5 4. c3 Nc6 5. Be3 Qb6 6. Qd2 cxd4 7. cxd4 Nge7 8. Bd3
Nb4 9. Be2 Nf5 10. g4 Nxe3 11. fxe3 Bd7 12. a3 Qa5 13. Nc3 a6 14. Nf3 Nc6 15.
O-O b5 16. b4 Qd8 17. e4 dxe4 18. Nxe4 Be7 19. g5 Bc8 20. Qf4 Bb7 21. Rad1 f5
22. gxf6 gxf6 23. exf6 Rf8 24. Nfg5 Qd5 25. Bh5+ Kd7 26. Nc5+ Kc8 27. Ncxe6 Bd6
28. Qe4 Qa2 29. Rf2 Qb3 30. Nxf8 Bxf8 31. Bg4+ Kb8 32. d5 Bc8 33. dxc6 Bxg4 34.
Qxg4 Ra7 35. Rd8+ 1-0

[Event "4NCL/Div4b/PONTY vs. SLOS3"]
[Site "Telford ENG"]
[Date "2005.01.15"]
[Round "3.6"]
[White "Foster, James J"]
[Black "Jones, Michael G"]
[Result "1-0"]
[WhiteElo "2068"]
[BlackElo "1677"]
[PlyCount "63"]
[EventDate "2005.01.15"]
[SourceDate "2004.09.21"]

1. c4 Nf6 2. Nc3 d5 3. cxd5 Nxd5 4. e4 Nxc3 5. bxc3 c5 6. Bc4 Qc7 7. Ne2 Nc6 8.
O-O e6 9. Rb1 Na5 10. Bb5+ Bd7 11. Qa4 Nc6 12. d4 Be7 13. d5 exd5 14. exd5 Nb8
15. Bf4 Qc8 16. Bxb8 Rxb8 17. Qxa7 Bxb5 18. Rxb5 Ra8 19. Qxb7 Qxb7 20. Rxb7
Rxa2 21. Rb8+ Bd8 22. Ng3 O-O 23. Re1 Bc7 24. Rxf8+ Kxf8 25. Ne4 f6 26. Nxc5
Kf7 27. g3 Rd2 28. c4 Bb6 29. Ne4 Rc2 30. Rb1 Bd4 31. Rb7+ Kg6 32. d6 1-0

[Event "4NCL/Div4b/BCA vs. MET"]
[Site "Telford ENG"]
[Date "2005.01.15"]
[Round "3.1"]
[White "Mordue, A Tyson"]
[Black "Noden, Nicolas"]
[Result "1-0"]
[WhiteElo "2288"]
[BlackElo "2229"]
[PlyCount "85"]
[EventDate "2005.01.15"]
[SourceDate "2004.09.21"]

1. e4 c5 2. Nf3 d6 3. d4 cxd4 4. Nxd4 Nf6 5. Nc3 a6 6. Bg5 e6 7. f4 Be7 8. Qf3
Qc7 9. O-O-O Nbd7 10. g4 b5 11. Bxf6 Nxf6 12. g5 Nd7 13. f5 Nc5 14. f6 gxf6 15.
gxf6 Bf8 16. Rg1 h5 17. Re1 Bd7 18. Rg7 O-O-O 19. Rxf7 b4 20. Nce2 Qa5 21. Kb1
b3 22. Nc3 bxa2+ 23. Ka1 Be8 24. Re7 Ba4 25. Rxe6 Bd7 26. Bh3 Nxe6 27. Nxe6 Re8
28. Nf4 Bh6 29. Bxd7+ Kxd7 30. Nfd5 Bd2 31. Rg1 Rhg8 32. Qf5+ Kd8 33. Rg7 Rxg7
34. fxg7 Bxc3 35. bxc3 Qa3 36. Qg5+ Kd7 37. g8=Q Rxg8 38. Qe7+ Kc6 39. Qc7+ Kb5
40. c4+ Ka4 41. Qc6+ Ka5 42. Qb6+ Ka4 43. Qxa6# 1-0

[Event "4NCL/Div4b/BCA vs. MET"]
[Site "Telford ENG"]
[Date "2005.01.15"]
[Round "3.2"]
[White "Djabri, Zafer M"]
[Black "Ross, Chris"]
[Result "0-1"]
[WhiteElo "2072"]
[BlackElo "2122"]
[PlyCount "74"]
[EventDate "2005.01.15"]
[SourceDate "2004.09.21"]

1. c4 e6 2. e4 c5 3. Nc3 Nc6 4. g3 g6 5. Bg2 Bg7 6. Nge2 Nge7 7. O-O O-O 8. a3
d6 9. Rb1 Rb8 10. b4 b6 11. d3 Nd4 12. Nxd4 cxd4 13. Ne2 h6 14. Bb2 e5 15. f4
f5 16. Bc1 Be6 17. Bd2 Kh7 18. Qa4 Rc8 19. Rbe1 Bd7 20. b5 a5 21. Qd1 Ng8 22.
exf5 gxf5 23. Kh1 Qc7 24. fxe5 dxe5 25. Ng1 Rce8 26. Qb1 Bc8 27. Nf3 Ne7 28.
Re2 Ng6 29. Rfe1 Bb7 30. Nxd4 Bxg2+ 31. Kxg2 Qd6 32. Nf3 Qxa3 33. Be3 Qd6 34.
Bg1 Re7 35. Qc2 Rc8 36. Nd2 Rd7 37. Re3 e4 0-1

[Event "4NCL/Div4b/BCA vs. MET"]
[Site "Telford ENG"]
[Date "2005.01.15"]
[Round "3.3"]
[White "Burnell, Steve"]
[Black "Dunn, Alan"]
[Result "0-1"]
[WhiteElo "2015"]
[BlackElo "2056"]
[PlyCount "56"]
[EventDate "2005.01.15"]
[SourceDate "2004.09.21"]

1. d4 Nf6 2. c4 g6 3. Nc3 Bg7 4. e4 d6 5. Be2 O-O 6. Bg5 c6 7. Nf3 Nbd7 8. O-O
e5 9. Qd2 exd4 10. Nxd4 Nc5 11. f3 Qc7 12. Rfd1 Ne8 13. b4 Ne6 14. Nxe6 Bxe6
15. Be3 a5 16. a3 h5 17. c5 d5 18. Bd4 Nf6 19. exd5 Bxd5 20. Na4 Bb3 21. Nb6
Rad8 22. Qb2 Bxd1 23. Rxd1 Ne8 24. Nc4 axb4 25. axb4 Qe7 26. Bxg7 Rxd1+ 27. Kf2
Nxg7 28. Bxd1 Qh4+ 0-1